Intrigas : (Record no. 17294)

MARC details
000 -LEADER
fixed length control field 00934cam a2200289 a 4500
001 - CONTROL NUMBER
control field 16586111
003 - CONTROL NUMBER IDENTIFIER
control field DLC
005 - DATE AND TIME OF LATEST TRANSACTION
control field 20170427170100.0
008 - FIXED-LENGTH DATA ELEMENTS--GENERAL INFORMATION
fixed length control field 101220s2012 maua 000 0 spa
010 ## - LIBRARY OF CONGRESS CONTROL NUMBER
LC control number 2010943174
020 ## - INTERNATIONAL STANDARD BOOK NUMBER
International Standard Book Number 9781617671036 (pbk.)
020 ## - INTERNATIONAL STANDARD BOOK NUMBER
International Standard Book Number 1617671037 (pbk.)
040 ## - CATALOGING SOURCE
Original cataloging agency DLC
Transcribing agency DLC
Modifying agency DLC
041 0# - LANGUAGE CODE
Language code of text/sound track or separate title spa
-- eng
042 ## - AUTHENTICATION CODE
Authentication code pcc
050 00 - LIBRARY OF CONGRESS CALL NUMBER
Classification number PC4112
Item number .C657 2012
100 1# - MAIN ENTRY--PERSONAL NAME
Personal name Courtad, James C.
245 10 - TITLE STATEMENT
Title Intrigas :
Remainder of title advanced Spanish through literature and film /
Statement of responsibility, etc. James C. Courtad, Kathryn Everly, Martín Gaspar.
260 ## - PUBLICATION, DISTRIBUTION, ETC. (IMPRINT)
Place of publication, distribution, etc. Boston, Mass. :
Name of publisher, distributor, etc. Vista Higher Learning,
Date of publication, distribution, etc. c2012.
300 ## - PHYSICAL DESCRIPTION
Extent xvi, 299 p. :
Other physical details ill. (chiefly col.) ;
Dimensions 27 cm.
504 ## - BIBLIOGRAPHY, ETC. NOTE
Bibliography, etc Includes bibliographical references.
650 #0 - SUBJECT ADDED ENTRY--TOPICAL TERM
Topical term or geographic name as entry element Spanish language
General subdivision Study and teaching
-- Foreign speakers.
650 #0 - SUBJECT ADDED ENTRY--TOPICAL TERM
Topical term or geographic name as entry element Spanish language
General subdivision Readers.
700 1# - ADDED ENTRY--PERSONAL NAME
Personal name Everly, Kathryn,
Dates associated with a name 1967-
700 1# - ADDED ENTRY--PERSONAL NAME
Personal name Gaspar, Martín.
942 ## - ADDED ENTRY ELEMENTS (KOHA)
Source of classification or shelving scheme Dewey Decimal Classification
Koha item type Libro/Book
Holdings
Withdrawn status Lost status Source of classification or shelving scheme Damaged status Not for loan Home library Current library Shelving location Date acquired Total Checkouts Full call number Barcode Date last seen Price effective from Koha item type
    Dewey Decimal Classification     San Juan Del Sur -- Biblioteca San Juan Del Sur -- Biblioteca General Stacks 27/04/2017   468.2 Cou 30024352 27/04/2017 27/04/2017 Libro/Book

Powered by Koha